| 000 | 004510000a22001570004500 | ||
|---|---|---|---|
| 003 | MACL | ||
| 005 | 20180222124642.0 | ||
| 008 | 180222b xxu||||| |||| 00| 0 eng d | ||
| 040 | _cmacl | ||
| 100 |
_aअवस्थी ,राजेन्द्र _970531 |
||
| 245 | _aबहता हुआ पानी | ||
| 260 |
_bदिल्ली _c2004 |
||
| 350 | _a200 | ||
| 650 |
_aकहानी _970532 |
||
| 942 |
_cHIN _k891.433/AVA/S _2ddc |
||
| 999 |
_c18733 _d18733 |
||